Sanat - "7 minuuttii" - Ellinoora - Statistics

Yleistilastot
  • Tätä visaa on pelattu 32 kertaa
  • Keskiarvotulos 163 / 282
Vastaustilastot
Vastaus % Oikein
seitsemän
96%
Seitsemän
96%
ei
92%
et
92%
ja
92%
minuuttii
92%
että
84%
lyhyt
84%
pallolla
84%
hetki
80%
kuin
80%
liian
80%
melankolisella
80%
en
76%
En
76%
kertomaan
76%
kuinka
76%
kun
76%
sen
76%
ilman
72%
lähteä
72%
on
72%
ottaa
72%
saa
72%
siin
72%
toisen
72%
mukaansa
68%
sovittiin
68%
törmättiin
68%
aina
64%
faktan
64%
ihminenkin
64%
luin
64%
lyömästä
64%
mehän
64%
mut
64%
Mut
64%
oli
64%
sydän
64%
syömästä
64%
alkaa
60%
biisejä
60%
kaikki
60%
kuunnella
60%
lakkaa
60%
meidän
60%
meillä
60%
olla
60%
pysäyttävän
60%
voi
60%
yhä
60%
iisiä
56%
jälkeen
56%
kertoo
56%
kuoleman
56%
ollut
56%
takana
56%
toivon
56%
vaan
56%
vaikkei
56%
vielä
56%
voit
56%
jota
52%
kaiken
52%
minusta
52%
silloin
52%
sinusta
52%
tajuttiin
52%
voinut
52%
ajatella
48%
internetistä
48%
loppuratkaisukin
48%
Muistan
48%
ne
48%
selittää
48%
siinä
48%
silmien
48%
sitä
48%
tahtois
48%
aikaa
44%
jonka
44%
lyhytelokuva
44%
muistoista
44%
mun
44%
mutta
44%
niellä
44%
tapa
44%
tutkimatta
44%
vaikee
44%
enää
40%
ettet
40%
ihmisen
40%
Kaurismäkeläinen
40%
sanottiin
40%
suuren
40%
tarina
40%
tiellä
40%
tragediaa
40%
yleisön
40%
minä
36%
niin
36%
rakkaus
36%
alusta
32%
anteeks
32%
kanssa
32%
lähtien
32%
mieli
32%
muodossa
32%
myöhäistä
32%
osoitteisiin
32%
takaisin
32%
tiesin
32%
tulee
32%
vääriin
32%
etsimään
28%
itseäni
28%
jättää
28%
koska
28%
kuulla
28%
Lontooseen
28%
Mistä
28%
mitä
28%
mitään
28%
muutinko
28%
paljon
28%
samalla
28%
tajuu
28%
tiedän
28%
tuhosin
28%
Tulinko
28%
uhosin
28%
filminauhalla
24%
haaveileva
24%
järki
24%
Juonipaljastukset
24%
malttamaton
24%
nään
24%
pään
24%
suora
24%
sut
24%
yhdessä
24%
aikaan
20%
asti
20%
elää
20%
loppuun
20%
oikein
20%
onneni
20%
opin
20%
rakensinko
20%
sain
20%
samaan
20%
tahdoin
20%
teinkään
20%
oonko
16%
lähtein
0%
Ehtoja vastaavia visoja ei löytynyt
Tulosjakauma
Jokaisen tuloksen saaneiden osuus
Persentiili vastausten määrän mukaan
Tuloshistoriasi
Et ole pelannut tätä visaa